00401nam a2200121 a 450000500170000000800410001705000280005810000280008624500650011426000370017930000330021665000300024920140310183203.0030204s19uu xx 00 eng d aDS 686.6.R5b.P372 1988 aPedrosa, Carmen Navarro aThe Untold story of Imelda Marcos /cCarmen Navarro Pedrosa. aRizal :bTandem Pub. Co.,c1988. axx, 231 p. :bill. :c18 cm. aMarcos, ImeldaxBiography